Представление документа в формате MARC21

Поле Инд. ПП Название Значение
Тип записи a
Библиографический уровень m
001 Контрольный номер RU/IS/BASE/310741549
005 Дата корректировки 20150513113623.0
020 a ISBN 978-5-8114-0757-6
040 a Служба первич. каталог. НБ ТвГУ
b Код языка каталог. rus
e Правила каталог. PSBO
041 0_ a Код языка текста rus
080 a Индекс УДК 535.8(075.8)
084 a Индекс другой классификации/Индекс ББК В34я73-1
090 a Полочн. индекс В34
x Авторский знак П 75
245 10 a Заглавие Прикладная оптика
b Продолж. заглавия учебное пособие для студентов вузов, обучающихся по направлению подготовки 200200 - Оптотехника и оптическим специальностям
c Ответственность под ред. д-ра техн. наук, проф. Н. П. Заказнова
250 a Основные сведения об издании Изд. 3-е, стер.
260 a Место издания Санкт-Петербург
b Издательство Лань
c Дата издания 2009
300 a Объем 311, [1] с.
b Иллюстрации/ тип воспроизводства ил.
440 a Серия Учебники для вузов
p Название части Специальная литература
504 a Библиография Библиогр.: с. 300-301 (29 назв.). - Предм. указ.: с. 302-308. - Имен. указ.: с. 309
520 a Аннотация На базе физической и геометрической оптики (ч. I и II) изложены основы теории и принципы действия ряда оптических и оптико-электронных систем и приборов (ч. III). Учебное пособие предназначено для студентов технических вузов, обучающихся по приборостроительным специальностям (компьютерные технологии в приборостроении, конструирование и производство измерительных приборов, цифровые и микропроцессорные приборы и системы и др.), которым читается курс прикладной оптики.
650 a Основная рубрика Оптика прикладная
x Основная подрубрика Учебники для вузов
653 a Ключевые слова Оптика
a Ключевые слова Прикладная оптика
700 a Другие авторы Бебчук Леонид Геннадьевич
q Полное имя Бебчук, Л. Г.
700 1_ a Другие авторы Богачев Юрий Викторович
q Полное имя Богачев, Ю. В.
700 1_ a Другие авторы Заказнов Николай Петрович
q Полное имя Заказнов, Н. П.
700 1_ a Другие авторы Комраков Борис Михайлович
q Полное имя Комраков, Б. М.
700 1_ a Другие авторы Михайловская Людмила Ивановна
q Полное имя Михайловская, Л. И.
910 a гриф есть**
920 a Оператор Густ
930 a Новая/Ретро учебники
952 c Вид литературы К ру
954 a Дата поступления на обработку 20091110